The challenge of sustainability (Record no. 74786)
[ view plain ]
| 000 -LEADER | |
|---|---|
| fixed length control field | 01224cab a2200205 4500 |
| 001 - CONTROL NUMBER | |
| control field | ABS68740 |
| 008 - FIXED-LENGTH DATA ELEMENTS--GENERAL INFORMATION | |
| fixed length control field | 050210n2005 000 0 eng u |
| 035 ## - SYSTEM CONTROL NUMBER | |
| System control number | (Sirsi) u128748 |
| 245 #4 - TITLE STATEMENT | |
| Title | The challenge of sustainability |
| 260 ## - PUBLICATION, DISTRIBUTION, ETC. | |
| Date of publication, distribution, etc. | 2005 |
| 490 ## - SERIES STATEMENT | |
| Series statement | RICS Business |
| Volume/sequential designation | February 2005, 12-13(2) |
| 520 ## - SUMMARY, ETC. | |
| Summary, etc. | Questions whether the private sector can rise to the challenge of helping to create truly sustainable development within Britain's designated growth areas. The public sector, even with its awareness of the extra value that sustainability and the eco-homes initiative will deliver, is also under pressure to meet volume demand with finite budgets. Also introduces "Mind the gap: tackling social polarisation through balanced communities" (J128354), the RICS report on increasing social polarisation in Britain in the context of creating sustainable communities. Provides a case study of a sustainable urban community, Grand Union Village in Greenford, west London and points to the work of the RICS Sustainability Group. |
| 590 ## - LOCAL NOTE (RLIN) | |
| Local note | ABS |
| 650 ## - SUBJECT ADDED ENTRY--TOPICAL TERM | |
| Topical term or geographic name entry element | SOCIAL HOUSING |
| 650 ## - SUBJECT ADDED ENTRY--TOPICAL TERM | |
| Topical term or geographic name entry element | Affordable housing |
| 9 (RLIN) | 6215 |
| 650 ## - SUBJECT ADDED ENTRY--TOPICAL TERM | |
| Topical term or geographic name entry element | POLARISATION |
| 650 ## - SUBJECT ADDED ENTRY--TOPICAL TERM | |
| Topical term or geographic name entry element | SUSTAINABLE DEVELOPMENT |
| 690 ## - LOCAL SUBJECT ADDED ENTRY--TOPICAL TERM (OCLC, RLIN) | |
| Topical term or geographic name as entry element | HOUSING |
| 942 ## - ADDED ENTRY ELEMENTS (KOHA) | |
| Suppress in OPAC | 0 |
| Withdrawn status | Lost status | Source of classification or shelving scheme | Damaged status | Not for loan | Home library | Current library | Shelving location | Date acquired | Total Checkouts | Full call number | Barcode | Date last seen | Copy number | Price effective from | Koha item type |
|---|---|---|---|---|---|---|---|---|---|---|---|---|---|---|---|
| Dewey Decimal Classification | London | London | Journal article | 10/02/2005 | ABS68740 | 128748-1001 | 06/08/2019 | 1 | 06/08/2019 | Journal article |